[Event "IECG RN.2002.0.00017"]
[Site "IECG email"]
[Date "2002.12.05"]
[Round "1"]
[White "Calabria, Nicola"]
[Black "Morello, Stefano"]
[Result "0-1"]
[WhiteElo "800"]
[BlackElo "645"]
[PlyCount "50"]
[EventDate "2002.12.05"]
[EventType "tourn (corr)"]
[EventRounds "6"]
[SourceTitle "Corr 2024"]
[Source "ChessBase"]
[SourceDate "2023.10.19"]
[SourceVersion "1"]
[SourceVersionDate "2023.10.19"]
[SourceQuality "1"]

1. d4 d5 2. Nc3 Nf6 3. Nf3 Nc6 4. e3 Bf5 5. a3 Ne4 6. Nxe4 Bxe4 7. Bb5 a6 8. Bxc6+ bxc6 9. 0-0 e6 10. Ne5 Qg5 11. f3 Bf5 12. Nxc6 Bh3 13. Qe2 Bd6 14. e4 Qg6 15. exd5 0-0 16. dxe6 fxe6 17. Re1 Rae8 18. c4 e5 19. d5 e4 20. fxe4 Bg4 21. Qc2 Bf3 22. Nb4 Bc5+ 23. Kh1 Rxe4 24. Rxe4 Bxe4 25. Qe2 Rf2 0-1

[Event "IECG RN.2002.0.00017"]
[Site "IECG email"]
[Date "2002.12.05"]
[Round "1"]
[White "Colard, Eric"]
[Black "Morello, Stefano"]
[Result "1-0"]
[WhiteElo "759"]
[BlackElo "645"]
[PlyCount "59"]
[EventDate "2002.12.05"]
[EventType "tourn (corr)"]
[EventRounds "6"]
[SourceTitle "Corr 2024"]
[Source "ChessBase"]
[SourceDate "2023.10.19"]
[SourceVersion "1"]
[SourceVersionDate "2023.10.19"]
[SourceQuality "1"]

1. d4 d5 2. c4 dxc4 3. Nc3 Nf6 4. Nf3 Bf5 5. Bg5 c6 6. a4 Nbd7 7. e3 e6 8. Bxc4 Bb4 9. 0-0 0-0 10. h3 a6 11. Nh4 b5 12. Bb3 h6 13. Bxf6 Qxf6 14. Nxf5 Qxf5 15. Bc2 Qf6 16. Be4 Rac8 17. axb5 Bxc3 18. bxc3 cxb5 19. Rxa6 Rxc3 20. Qa1 b4 21. Rb1 Rb8 22. Rxb4 Rxb4 23. Qxc3 Qe7 24. Qc7 f5 25. Bc6 Rb1+ 26. Kh2 Qh4 27. g3 Qg5 28. Bxd7 h5 29. Bxe6+ Kh7 30. Qc8 1-0

[Event "IECG RN.2002.0.00017"]
[Site "IECG email"]
[Date "2002.12.05"]
[Round "1"]
[White "Mayer, Hans"]
[Black "Morello, Stefano"]
[Result "1-0"]
[WhiteElo "800"]
[BlackElo "645"]
[PlyCount "35"]
[EventDate "2002.12.05"]
[EventType "tourn (corr)"]
[EventRounds "6"]
[SourceTitle "Corr 2024"]
[Source "ChessBase"]
[SourceDate "2023.10.19"]
[SourceVersion "1"]
[SourceVersionDate "2023.10.19"]
[SourceQuality "1"]

1. c4 b6 2. d4 Nf6 3. Nf3 Bb7 4. Nc3 e6 5. a3 d5 6. cxd5 exd5 7. g3 Bd6 8. Bg2 0-0 9. 0-0 c5 10. Bg5 Nbd7 11. Nh4 cxd4 12. Nb5 Be7 13. Nf5 Ba6 14. Nbxd4 Bb7 15. Rc1 Rc8 16. Rxc8 Bxc8 17. Nc6 Bc5 18. Nxd8 1-0

[Event "IECC CL8-2002.11"]
[Site "IECC email"]
[Date "2002.11.20"]
[Round "?"]
[White "Smeulders, Thomas"]
[Black "Morello, Stefano"]
[Result "0-1"]
[WhiteElo "938"]
[BlackElo "961"]
[PlyCount "54"]
[EventDate "2002.??.??"]
[EventType "tourn (corr)"]
[EventRounds "4"]
[SourceTitle "Corr 2008"]
[Source "ChessBase"]
[SourceDate "2008.06.24"]
[SourceVersion "1"]
[SourceVersionDate "2008.06.24"]
[SourceQuality "1"]

1. c4 Nc6 2. e4 e5 3. Nc3 Nf6 4. Nf3 Bc5 5. g3 a6 6. Bh3 d6 7. d3 Bxh3 8. Ng1 Bg2 9. Bg5 Bxh1 10. Qa4 0-0 11. 0-0-0 Bxf2 12. Nh3 Bd4 13. Rxh1 Bxc3 14. bxc3 h6 15. Bh4 g5 16. Rg1 gxh4 17. gxh4+ Kh8 18. Qd1 Rg8 19. Rh1 Ng4 20. d4 Qxh4 21. dxe5 Qxh3 22. exd6 Nf2 23. Qf1 Qxc3+ 24. Kb1 Nxh1 25. Qxh1 Qd3+ 26. Kc1 Nb4 27. e5 Qc2# 0-1

[Event "IECG CN.2002.0.00309 email"]
[Site "IECG email"]
[Date "2002.10.02"]
[Round "?"]
[White "Reinbrecht, Stefan"]
[Black "Morello, Stefano"]
[Result "1-0"]
[WhiteElo "800"]
[BlackElo "628"]
[PlyCount "101"]
[EventDate "2002.10.02"]
[EventType "tourn (corr)"]
[EventRounds "6"]
[SourceTitle "Corr 2008"]
[Source "ChessBase"]
[SourceDate "2008.06.24"]
[SourceVersion "1"]
[SourceVersionDate "2008.06.24"]
[SourceQuality "1"]

1. e4 e5 2. Nf3 Nc6 3. Bb5 Bc5 4. 0-0 d6 5. d4 exd4 6. b4 Bxb4 7. Bxc6+ bxc6 8. Qxd4 c5 9. Qxg7 Qf6 10. Bb2 Qxg7 11. Bxg7 Ba6 12. Rc1 0-0-0 13. Bxh8 f6 14. e5 dxe5 15. Nxe5 fxe5 16. Bxe5 Ne7 17. a3 Ba5 18. Bf6 Rd7 19. Bc3 Bxc3 20. Nxc3 Nf5 21. Ne4 Nd4 22. Nxc5 Ne2+ 23. Kh1 Nxc1 24. Nxd7 Kxd7 25. Rxc1 c5 26. Re1 Kd6 27. f4 Bc8 28. Re5 a5 29. Rh5 Be6 30. Rxh7 Bf5 31. Rh6+ Kd5 32. Rh5 Ke4 33. Rxf5 Kxf5 34. g3 c4 35. Kg2 c3 36. Kf3 Ke6 37. h4 a4 38. h5 Kf6 39. Kg4 Kg7 40. Kg5 Kh7 41. f5 Kg7 42. f6+ Kf7 43. h6 Kg8 44. Kg6 Kh8 45. g4 Kg8 46. f7+ Kf8 47. h7 Ke7 48. h8Q Ke6 49. f8Q Kd5 50. Qa8+ Kc4 51. Qc6# 1-0

[Event "IECC M email"]
[Site "IECC email"]
[Date "2002.09.16"]
[Round "?"]
[White "Morello, Stefano"]
[Black "Montarolo, Luca"]
[Result "1-0"]
[WhiteElo "970"]
[BlackElo "923"]
[PlyCount "91"]
[EventDate "2002.??.??"]
[EventType "tourn (corr)"]
[EventRounds "6"]
[SourceTitle "Corr 2008"]
[Source "ChessBase"]
[SourceDate "2008.06.24"]
[SourceVersion "1"]
[SourceVersionDate "2008.06.24"]
[SourceQuality "1"]

1. e4 e5 2. Nf3 Nc6 3. Nc3 Bc5 4. a3 Nf6 5. Bc4 0-0 6. d3 Ng4 7. 0-0 d6 8. Qe2 Nd4 9. Nxd4 Bxd4 10. Be3 Bxc3 11. bxc3 Nxe3 12. fxe3 Be6 13. Bxe6 fxe6 14. Rxf8+ Qxf8 15. Rf1 Qe7 16. a4 Rf8 17. d4 Rxf1+ 18. Kxf1 Qf7+ 19. Qf3 Qxf3+ 20. gxf3 exd4 21. exd4 a5 22. Ke2 c5 23. Kd3 g5 24. dxc5 dxc5 25. Kc4 b6 26. Kb5 h5 27. Kxb6 Kf7 28. Kxc5 Kf6 29. Kd4 e5+ 30. Kd5 g4 31. fxg4 hxg4 32. c4 Kg5 33. c5 Kh4 34. c6 Kh3 35. c7 Kxh2 36. c8Q g3 37. Qh8+ Kg2 38. Qxe5 Kf2 39. Qf4+ Kg2 40. e5 Kh2 41. e6 Kh3 42. e7 g2 43. Qe3+ Kh2 44. e8Q g1Q 45. Qh5+ Kg2 46. Qhh3# 1-0

[Event "IECG CN.2002.0.00290 email"]
[Site "IECG email"]
[Date "2002.04.12"]
[Round "?"]
[White "Campbell, Graham G"]
[Black "Morello, Stefano"]
[Result "1-0"]
[WhiteElo "832"]
[BlackElo "634"]
[PlyCount "64"]
[EventDate "2002.04.12"]
[EventType "tourn (corr)"]
[EventRounds "6"]
[SourceTitle "Corr 2008"]
[Source "ChessBase"]
[SourceDate "2008.06.24"]
[SourceVersion "1"]
[SourceVersionDate "2008.06.24"]
[SourceQuality "1"]

1. e4 e5 2. Nf3 Nc6 3. Bb5 a6 4. Bxc6 dxc6 5. 0-0 Bg4 6. h3 Bxf3 7. Qxf3 Nf6 8. d3 Be7 9. Bg5 0-0 10. Nd2 b5 11. Qe2 Qd4 12. c3 Qc5 13. Nb3 Qd6 14. Rad1 h6 15. Bh4 a5 16. d4 Rad8 17. Bg3 a4 18. dxe5 Qxd1 19. Rxd1 Rxd1+ 20. Qxd1 Nxe4 21. Nd4 Rd8 22. Qg4 Nd2 23. Nxc6 Re8 24. Nxe7+ Rxe7 25. Qe2 Nc4 26. b3 axb3 27. axb3 Nd6 28. Qd3 Nc8 29. Qxb5 f6 30. exf6 gxf6 31. Qd5+ Kf8 32. Bxc7 Rxc7 1-0

[Event "IECG CN.2002.0.00290 email"]
[Site "IECG email"]
[Date "2002.04.12"]
[Round "?"]
[White "Fernandez Rodriguez, Esteban"]
[Black "Morello, Stefano"]
[Result "1-0"]
[WhiteElo "800"]
[BlackElo "634"]
[PlyCount "44"]
[EventDate "2002.04.12"]
[EventType "tourn (corr)"]
[EventRounds "6"]
[SourceTitle "Corr 2008"]
[Source "ChessBase"]
[SourceDate "2008.06.24"]
[SourceVersion "1"]
[SourceVersionDate "2008.06.24"]
[SourceQuality "1"]

1. b4 e5 2. Bb2 Bxb4 3. Bxe5 Nf6 4. a3 d6 5. axb4 dxe5 6. c4 0-0 7. e3 c6 8. Nc3 Nbd7 9. Nf3 Qe7 10. Qb1 e4 11. Nd4 Nb6 12. Be2 c5 13. bxc5 Qxc5 14. Nxe4 Nxe4 15. Qxe4 Nxc4 16. Nb3 Nd6 17. Nxc5 Nxe4 18. Nxe4 b6 19. Bf3 Rb8 20. Rxa7 Bf5 21. Ke2 Rfe8 22. Nd6 Rf8 1-0

[Event "IECG CN.2002.0.00290 email"]
[Site "IECG email"]
[Date "2002.04.12"]
[Round "?"]
[White "Morello, Stefano"]
[Black "Lawrence, Joshua A"]
[Result "1-0"]
[WhiteElo "634"]
[BlackElo "800"]
[PlyCount "41"]
[EventDate "2002.04.12"]
[EventType "tourn (corr)"]
[EventRounds "6"]
[SourceTitle "Corr 2008"]
[Source "ChessBase"]
[SourceDate "2008.06.24"]
[SourceVersion "1"]
[SourceVersionDate "2008.06.24"]
[SourceQuality "1"]

1. e4 e5 2. Nf3 Nc6 3. Bc4 Bc5 4. 0-0 Nge7 5. Nc3 0-0 6. Ng5 d5 7. Bxd5 Nxd5 8. exd5 Qxg5 9. dxc6 Bh3 10. Qf3 Bg4 11. Qg3 Qf5 12. cxb7 Rab8 13. d3 Rxb7 14. b3 Rb4 15. Ba3 Rb5 16. Nxb5 Bxa3 17. Nxc7 Rc8 18. Nd5 Re8 19. Ne3 Qc8 20. Nxg4 Qxc2 21. Nxe5 1-0

[Event "IECG RN.2001.0.00010"]
[Site "IECG email"]
[Date "2001.11.28"]
[Round "?"]
[White "Morello, Stefano"]
[Black "Venturas, Bob"]
[Result "1-0"]
[WhiteElo "617"]
[BlackElo "493"]
[PlyCount "102"]
[EventDate "2001.11.28"]
[EventType "tourn (corr)"]
[EventRounds "6"]
[SourceTitle "Corr 2008"]
[Source "ChessBase"]
[SourceDate "2008.06.24"]
[SourceVersion "1"]
[SourceVersionDate "2008.06.24"]
[SourceQuality "1"]

1. e4 e5 2. Nf3 Nf6 3. Nc3 Bb4 4. Nxe5 Qe7 5. Nd3 Bxc3 6. dxc3 Nc6 7. Bg5 Qxe4+ 8. Qe2 0-0 9. Bxf6 Qxe2+ 10. Bxe2 gxf6 11. 0-0 Ne5 12. b3 d6 13. Nxe5 fxe5 14. Rad1 b6 15. Bf3 Rb8 16. c4 f5 17. Bd5+ Kh8 18. Rd3 f4 19. h3 Bf5 20. Rd2 Rf6 21. g4 fxg3 22. fxg3 Rbf8 23. Rdf2 e4 24. Bxe4 Bxe4 25. Rxf6 Rxf6 26. Rxf6 Kg7 27. Rf2 h5 28. Re2 Bf5 29. h4 Kf7 30. Kf2 Bg4 31. Re1 c5 32. Ke3 a5 33. a4 Kf6 34. Kf4 Bf5 35. Rd1 Ke6 36. Kg5 Bxc2 37. Re1+ Kf7 38. Re3 Bg6 39. Rf3+ Kg7 40. Rf6 Bc2 41. Rxd6 Bxb3 42. Rxb6 Bxa4 43. Kxh5 Bd1+ 44. Kg5 a4 45. Rb5 Bb3 46. Rxc5 a3 47. Ra5 a2 48. c5 Be6 49. c6 Kf7 50. c7 Ke7 51. Rxa2 Bxa2 1-0

[Event "IECC M email"]
[Site "IECC email"]
[Date "2001.11.02"]
[Round "?"]
[White "Morello, Stefano"]
[Black "Hay, George"]
[Result "0-1"]
[WhiteElo "957"]
[BlackElo "1013"]
[PlyCount "62"]
[EventDate "2001.??.??"]
[EventType "tourn (corr)"]
[EventRounds "6"]
[SourceTitle "Corr 2008"]
[Source "ChessBase"]
[SourceDate "2008.06.24"]
[SourceVersion "1"]
[SourceVersionDate "2008.06.24"]
[SourceQuality "1"]

1. e4 e5 2. Nf3 Nc6 3. Nc3 Nf6 4. a3 d5 5. exd5 Nxd5 6. Bc4 Nxc3 7. bxc3 Bc5 8. 0-0 0-0 9. d3 Qd6 10. Be3 Bg4 11. Bxc5 Qxc5 12. Qd2 h6 13. Nh4 b5 14. Bb3 Rad8 15. Kh1 Na5 16. f3 Nxb3 17. cxb3 Be6 18. b4 Qc4 19. dxc4 Rxd2 20. cxb5 Bc4 21. Rfd1 Rfd8 22. Rxd2 Rxd2 23. a4 Be6 24. a5 g5 25. b6 cxb6 26. axb6 axb6 27. Ra8+ Kh7 28. g3 gxh4 29. gxh4 Rf2 30. Rb8 Bh3 31. Rxb6 Rf1# 0-1

[Event "IECC M email"]
[Site "IECC email"]
[Date "2001.10.23"]
[Round "?"]
[White "Pratt, Louis"]
[Black "Morello, Stefano"]
[Result "0-1"]
[WhiteElo "1120"]
[BlackElo "987"]
[PlyCount "88"]
[EventDate "2001.??.??"]
[EventType "tourn (corr)"]
[EventRounds "6"]
[SourceTitle "Corr 2008"]
[Source "ChessBase"]
[SourceDate "2008.06.24"]
[SourceVersion "1"]
[SourceVersionDate "2008.06.24"]
[SourceQuality "1"]

1. e4 e5 2. Nf3 Nc6 3. Bc4 Nf6 4. d3 Bc5 5. Bg5 0-0 6. 0-0 d6 7. Nbd2 Be6 8. Bxe6 fxe6 9. Nc4 d5 10. Ncxe5 dxe4 11. dxe4 Qxd1 12. Raxd1 Nxe5 13. Nxe5 Bd6 14. Nc4 Nxe4 15. Be3 Bf4 16. Bxf4 Rxf4 17. f3 Ng3 18. hxg3 Rxc4 19. c3 b5 20. Rfe1 Re8 21. f4 b4 22. Rd4 Rxd4 23. cxd4 Kf7 24. Kf2 h5 25. Kf3 Rd8 26. Ke4 Kf6 27. Rf1 Rd5 28. Rc1 Ra5 29. Ra1 g5 30. Rc1 gxf4 31. gxf4 Rxa2 32. Rc6 Rxb2 33. Rxc7 Rxg2 34. Rc6 b3 35. d5 b2 36. Rxe6+ Kf7 37. Kf3 b1Q 38. Kxg2 Qa2+ 39. Kg3 Qxd5 40. Re5 Qxe5 41. fxe5 a5 42. Kf4 a4 43. Kf5 h4 44. e6+ Ke7 0-1

[Event "IECC O email"]
[Site "IECC email"]
[Date "2001.06.25"]
[Round "?"]
[White "Campbell, Keith M"]
[Black "Morello, Stefano"]
[Result "1-0"]
[WhiteElo "1000"]
[BlackElo "992"]
[PlyCount "83"]
[EventDate "2001.??.??"]
[EventType "tourn (corr)"]
[EventRounds "6"]
[SourceTitle "Corr 2008"]
[Source "ChessBase"]
[SourceDate "2008.06.24"]
[SourceVersion "1"]
[SourceVersionDate "2008.06.24"]
[SourceQuality "1"]

1. e4 e5 2. Nc3 Nf6 3. Nf3 Nc6 4. d3 Bb4 5. Bg5 d6 6. Be2 Nd4 7. Ng1 Be6 8. a3 Ba5 9. b4 Bb6 10. h3 h6 11. Be3 c5 12. b5 Ba5 13. Bd2 a6 14. a4 axb5 15. Rb1 bxa4 16. Nb5 Bxd2+ 17. Qxd2 Ra5 18. Na3 Nxe2 19. Nxe2 0-0 20. 0-0 b6 21. Rb2 d5 22. exd5 Bxd5 23. Qc3 Nd7 24. Re1 Re8 25. g3 Bf3 26. Nc4 Ra6 27. Nc1 Qf6 28. Nd2 Bd5 29. Rf1 Nf8 30. Kh2 Bf3 31. Re1 Ng6 32. Re3 Bd5 33. Re2 Qf5 34. f3 Bxf3 35. Rf2 Nh4 36. Qc4 b5 37. Rxb5 Rf6 38. Qxh4 g5 39. Qxa4 Bc6 40. Rxf5 Bxb5 41. Qxb5 Rxf5 42. Qxe8+ 1-0

[Event "IECC CL8-2001.15"]
[Site "IECC email"]
[Date "2001.06.17"]
[Round "?"]
[White "Morello, Stefano"]
[Black "Diego do Nascimento, Matheus"]
[Result "1-0"]
[WhiteElo "958"]
[BlackElo "1001"]
[PlyCount "47"]
[EventDate "2001.??.??"]
[EventType "tourn (corr)"]
[EventRounds "4"]
[SourceTitle "Corr 2008"]
[Source "ChessBase"]
[SourceDate "2008.06.24"]
[SourceVersion "1"]
[SourceVersionDate "2008.06.24"]
[SourceQuality "1"]

1. e4 d5 2. exd5 Nf6 3. d4 Bf5 4. Nc3 Nxd5 5. Nxd5 Qxd5 6. Nf3 Nd7 7. b3 0-0-0 8. Bc4 Qa5+ 9. Bd2 Qb6 10. Bxf7 Qf6 11. Bd5 e5 12. Bg5 Bxc2 13. Qxc2 Bb4+ 14. Kf1 Qa6+ 15. Bc4 Qa5 16. Bxd8 Kxd8 17. Nxe5 Nxe5 18. dxe5 Qxe5 19. Rd1+ Kc8 20. Qd3 Re8 21. g3 Qe4 22. Qd7+ Kb8 23. Qd8+ Rxd8 24. Rxd8# 1-0

[Event "IECC CL8-2001.15"]
[Site "IECC email"]
[Date "2001.06.17"]
[Round "?"]
[White "Morello, Stefano"]
[Black "Eden, Malcolm"]
[Result "0-1"]
[WhiteElo "961"]
[BlackElo "980"]
[PlyCount "114"]
[EventDate "2001.??.??"]
[EventType "tourn (corr)"]
[EventRounds "4"]
[SourceTitle "Corr 2008"]
[Source "ChessBase"]
[SourceDate "2008.06.24"]
[SourceVersion "1"]
[SourceVersionDate "2008.06.24"]
[SourceQuality "1"]

1. e4 d6 2. d4 Nf6 3. Nc3 e5 4. Bg5 Be7 5. Nf3 0-0 6. dxe5 dxe5 7. Nxe5 Nc6 8. Nxc6 bxc6 9. Bxf6 Bxf6 10. Bd3 Bd4 11. Ne2 Bxb2 12. Rb1 Rb8 13. 0-0 Bg4 14. f3 Be6 15. Qd2 Bxa2 16. Rbd1 c5 17. c3 c4 18. Bc2 Qe7 19. Qe3 Bb3 20. Bxb3 Rxb3 21. Qxa7 Bxc3 22. Nxc3 Rxc3 23. Rc1 Ra3 24. Qd4 Ra5 25. Rxc4 c5 26. Qc3 Rb5 27. Rc1 Rc8 28. Rd1 g6 29. Rcd4 cxd4 30. Qxc8+ Kg7 31. Rxd4 Rb1+ 32. Kf2 Qh4+ 33. Ke3 Rb3+ 34. Rd3 Qe1+ 35. Kd4 Qf2+ 36. Ke5 Rxd3 37. Qc6 Qd4+ 38. Kf4 Qd6+ 39. Qxd6 Rxd6 40. h4 f6 41. g3 Rd2 42. Kg4 Kh6 43. f4 Re2 44. Kf3 Re1 45. f5 gxf5 46. exf5 Rf1+ 47. Kg4 Re1 48. Kf4 Kh5 49. Kf3 Re5 50. Kf4 h6 51. g4+ Kxh4 52. g5 hxg5+ 53. Kf3 Rxf5+ 54. Kg2 g4 55. Kh2 Rf2+ 56. Kg1 g3 57. Kh1 f5 0-1

[Event "IECG CN.2001.0.00250"]
[Site "IECG email"]
[Date "2001.06.14"]
[Round "?"]
[White "Damasio, Fabio"]
[Black "Morello, Stefano"]
[Result "1-0"]
[WhiteElo "782"]
[BlackElo "568"]
[PlyCount "59"]
[EventDate "2001.06.14"]
[EventType "tourn (corr)"]
[EventRounds "6"]
[SourceTitle "Corr 2008"]
[Source "ChessBase"]
[SourceDate "2008.06.24"]
[SourceVersion "1"]
[SourceVersionDate "2008.06.24"]
[SourceQuality "1"]

1. e4 e5 2. Nf3 Nc6 3. d4 exd4 4. Nxd4 Bc5 5. Be3 Nxd4 6. Bxd4 Bxd4 7. Qxd4 Nf6 8. Nc3 d6 9. 0-0-0 0-0 10. Be2 Be6 11. f4 Qe7 12. h3 a6 13. g4 Rad8 14. g5 Ne8 15. h4 c5 16. Nd5 Qd7 17. Qf2 Qa4 18. Nc3 Qc6 19. f5 Bc8 20. Nd5 Nc7 21. Ne7+ Kh8 22. Nxc6 Rde8 23. Na5 Rxe4 24. Rxd6 Rfe8 25. Bd3 Rd4 26. Rxd4 cxd4 27. Qxd4 Nb5 28. Bxb5 axb5 29. Nxb7 Bxb7 30. Qd7 1-0

[Event "IECG QN.2001.0.00182"]
[Site "IECG email"]
[Date "2001.05.18"]
[Round "?"]
[White "Morello, Stefano"]
[Black "Kelbl, Jiri"]
[Result "0-1"]
[WhiteElo "511"]
[BlackElo "900"]
[PlyCount "124"]
[EventDate "2001.05.18"]
[EventType "tourn (corr)"]
[EventRounds "6"]
[SourceTitle "Corr 2008"]
[Source "ChessBase"]
[SourceDate "2008.06.24"]
[SourceVersion "1"]
[SourceVersionDate "2008.06.24"]
[SourceQuality "1"]

1. e4 e6 2. d4 d5 3. e5 c5 4. Nf3 Qb6 5. b3 Bd7 6. Be3 Bb5 7. Bxb5+ Qxb5 8. Nc3 Qb6 9. 0-0 cxd4 10. Bxd4 Qd8 11. Qd2 Nc6 12. Nb5 a6 13. Nd6+ Bxd6 14. exd6 Nxd4 15. Qxd4 Nf6 16. Qb4 b5 17. Ne5 0-0 18. a4 Nd7 19. Nxd7 Qxd7 20. axb5 Qxb5 21. Qxb5 axb5 22. Rxa8 Rxa8 23. Rd1 Kf8 24. c4 bxc4 25. bxc4 dxc4 26. g3 c3 27. Rc1 Rd8 28. Rxc3 Rxd6 29. f4 Ke7 30. Kg2 f6 31. h4 h5 32. Kf3 g6 33. Rc7+ Rd7 34. Rc8 e5 35. Rh8 Ke6 36. fxe5 fxe5 37. Re8+ Re7 38. Rxe7+ Kxe7 39. Ke3 Ke6 40. Ke4 Kd6 41. Kf3 Kd5 42. Ke3 e4 43. Kd2 Kd4 44. Ke2 e3 45. Ke1 Kd3 46. Kd1 e2+ 47. Ke1 Ke3 48. g4 Kf3 49. g5 Kg4 50. Kxe2 Kxh4 51. Kf3 Kxg5 52. Kg3 h4+ 53. Kh3 Kh5 54. Kg2 Kg4 55. Kh2 Kf3 56. Kh3 g5 57. Kh2 g4 58. Kg1 g3 59. Kf1 g2+ 60. Kg1 h3 61. Kh2 Kf2 62. Kxh3 g1Q 0-1

[Event "IECC CL8-2001.01"]
[Site "IECC email"]
[Date "2001.02.23"]
[Round "?"]
[White "Duncan, Warren L"]
[Black "Morello, Stefano"]
[Result "0-1"]
[WhiteElo "1024"]
[BlackElo "895"]
[PlyCount "56"]
[EventDate "2001.??.??"]
[EventType "tourn (corr)"]
[EventRounds "4"]
[SourceTitle "Corr 2008"]
[Source "ChessBase"]
[SourceDate "2008.06.24"]
[SourceVersion "1"]
[SourceVersionDate "2008.06.24"]
[SourceQuality "1"]

1. d4 d5 2. c4 e6 3. Nc3 Nf6 4. Bg5 Nbd7 5. Nf3 Bb4 6. Ne5 0-0 7. a3 Bxc3+ 8. bxc3 dxc4 9. e3 Nxe5 10. dxe5 Qxd1+ 11. Rxd1 Ne4 12. Be7 Re8 13. Rd8 Rxd8 14. Bxd8 b5 15. Bxc7 Nxc3 16. Be2 Nxe2 17. Kxe2 Bb7 18. f3 Rc8 19. Ba5 Rc5 20. Rd1 g6 21. Bb4 Rxe5 22. Bc3 Rd5 23. Rb1 f5 24. g3 a6 25. e4 fxe4 26. fxe4 Rd7 27. Bb4 Bxe4 28. Rc1 Rd3 0-1

[Event "IECG QN.2000.0.00127"]
[Site "IECG email"]
[Date "2000.07.08"]
[Round "?"]
[White "Morello, Stefano"]
[Black "Hodds, Martin"]
[Result "1-0"]
[WhiteElo "800"]
[BlackElo "800"]
[PlyCount "91"]
[EventDate "2000.07.08"]
[EventType "tourn (corr)"]
[EventRounds "6"]
[SourceTitle "Corr 2008"]
[Source "ChessBase"]
[SourceDate "2008.06.24"]
[SourceVersion "1"]
[SourceVersionDate "2008.06.24"]
[SourceQuality "1"]

1. e4 e5 2. Nf3 d6 3. Nc3 Nc6 4. Bb5 Bd7 5. 0-0 a6 6. Bxc6 Bxc6 7. d4 exd4 8. Qxd4 Qf6 9. Bg5 Qxd4 10. Nxd4 Be7 11. Bxe7 Nxe7 12. Rfe1 0-0-0 13. Nxc6 Nxc6 14. Rad1 Nb4 15. Re2 h5 16. a3 Nc6 17. Nd5 Rh6 18. Rde1 Nd4 19. Rd2 Nc6 20. f4 f6 21. f5 g5 22. fxg6 Rxg6 23. Rf1 Re8 24. Nxf6 Rf8 25. Nxh5 Rxf1+ 26. Kxf1 Rg5 27. Nf6 Ne5 28. b3 Ng4 29. Nxg4 Rxg4 30. Re2 Rf4+ 31. Kg1 Kd7 32. g3 Rf8 33. Kg2 Ke6 34. Rf2 Re8 35. h4 Ke5 36. Rf7 Rc8 37. Kf3 b5 38. c3 c5 39. b4 cxb4 40. Rf5+ Ke6 41. axb4 Rxc3+ 42. Kf4 Rb3 43. h5 Rxb4 44. h6 d5 45. Rxd5 Rb1 46. Rh5 1-0